| 000 | 01150cam a2200241 4500 | ||
|---|---|---|---|
| 001 | ABS66709 | ||
| 008 | 030520n2003 000 0 eng u | ||
| 035 | _a(Sirsi) u122333 | ||
| 100 | _aHeller, A. | ||
| 245 | _aRole reversal | ||
| 260 | _c2003 | ||
| 490 |
_aHouse Builder _v62(4)May 2003, 24-26(3) |
||
| 520 | _aConsiders the concept of mixed communities as envisioned by the Communities Plan at the growing crossover partnerships between private developers and Registered Social Landlords (RSLs), where in some instances RSLs are building homes for sale themselves. Considers the relative merits of RSLs developing private for sales arms and pursuing a PPP approach. Concludes that house builders should not see this trend as a threat to exclude private house builders from developments such as the Thames Gateway but as a positive partnering opportunity. | ||
| 590 | _aABS | ||
| 650 | _aREGISTERED SOCIAL LANDLORDS | ||
| 650 | _aPUBLIC PRIVATE PARTNERSHIPS | ||
| 650 | _aMIXED-DEVELOPMENT | ||
| 650 | _aTHAMES GATEWAY | ||
| 650 | _aHOUSE BUILDERS | ||
| 650 | _aHOUSING ASSOCIATIONS | ||
| 690 | _aHOUSING-DEVELOPMENT | ||
| 942 | _n0 | ||
| 999 |
_c72699 _d72699 |
||